Software Engineering: A Practitioners Approach (Record no. 237)

MARC details
000 -LEADER
fixed length control field 00462nam a22001697a 4500
005 - DATE AND TIME OF LATEST TRANSACTION
control field 20180205170648.0
008 - FIXED-LENGTH DATA ELEMENTS--GENERAL INFORMATION
fixed length control field 160429b xxu||||| |||| 00| 0 eng d
020 ## - INTERNATIONAL STANDARD BOOK NUMBER
ISBN 978-007-126782-3
041 ## - LANGUAGE CODE
Language code of text/sound track or separate title eng
082 ## - DEWEY DECIMAL CLASSIFICATION NUMBER
Item number 00760
Classification number 005.1
100 ## - MAIN ENTRY--AUTHOR NAME
Personal name Pressman, Roger S.
245 ## - TITLE STATEMENT
Title Software Engineering: A Practitioners Approach
260 ## - PUBLICATION, DISTRIBUTION, ETC. (IMPRINT)
Place of publication New York
Name of publisher MC Graw Hill International,
Year of publication 2010
300 ## - PHYSICAL DESCRIPTION
Number of Pages 895
650 ## - SUBJECT ADDED ENTRY--TOPICAL TERM
Topical Term Information Technology
942 ## - ADDED ENTRY ELEMENTS (KOHA)
Koha item type Books
Holdings
Lost status Damaged status Collection code Home library Current library Shelving location Date acquired Full call number Accession Number Koha item type
    CS/IT JRU Library JRU Library SHELF-53-H 29/04/2016 005.1 00760 Books
    CS/IT JRU Library JRU Library SHELF-53-H 29/04/2016 005.1 00761 Books